| 000 | 00912nam a2200253 a 4500 | ||
|---|---|---|---|
| 001 | 000022978 | ||
| 005 | 20200930021916.0 | ||
| 008 | 101124s1967 ve a r 000 0 spa d | ||
| 040 |
_aDO-SdBNP _bspa _cBNPHU |
||
| 082 |
_a801.95 _bS487i |
||
| 100 | 1 |
_aSerrano Poncela, Segundo, _c1912-1976. _914121 |
|
| 245 | 1 | 0 |
_aIntroducción a la crítica literaria / _cSegundo Serrano Poncela. |
| 260 |
_aCaracas : _bMinisterio de Educación, _c1967. |
||
| 300 |
_a150 p. : _bil. ; _c21 cm. |
||
| 490 | 1 |
_aVigilia _v11 |
|
| 500 | _aApéndices: p. 137-150. | ||
| 590 | _aInventariado, 2018/ YL | ||
| 650 | 4 |
_aCreación literaria, artística, etc. _918866 |
|
| 650 | 4 |
_aFilosofía del arte _916328 |
|
| 650 | 4 |
_aLiteratura venezolana _xCrítica e interpretación _98988 |
|
| 650 | 4 |
_aMovimientos literarios _yCRÍTICA E INTERPRETACIÓN _947251 |
|
| 830 | 0 |
_aVigilia ; _v11 _916675 |
|
| 910 | _aValidado. Control de calidad EMS | ||
| 999 |
_c22475 _d22475 |
||